00000000nam##2200000za#4500
0019.613353
003CaOODSP
00520200327130757
007ta
008150406|1996||||xxc|||||     f|0| 0 eng|d
022 |a0825-0170
040 |aCaOODSP|beng
043 |an-cn---
0861 |aNE12-3/5-1996E
1101 |aCanada. |bNational Energy Board.
24514|aThe Board's publications
260 |aCalgary - Alberta : |bNational Energy Board |c1996.
300 |a8p. ; |c28 cm.
4901 |aInformation bulletin |x0825-0170|vV
500 |a"This information bulletin describes the various types of publications produced by the National Energy Board and how to obtain them."--Cover page.
5203 |aThis information bulletin describes the various types of publications produced by the National Energy Board and how to obtain them.--Cover page
563 |aProcessed
590 |a96-39|b1996-09-27
7760#|tThe Board's publications |w(CaOODSP)9.572908
830#0|aInformation bulletin,|x0825-0170|vV|w(CaOODSP)9.514804